Albums studios d'Indochine - Statistiques

Statistiques générales
  • Ce quiz a été pris 80 fois
    49 depuis la dernière actualisation
  • Le résultat moyen est 13 sur 14
Statistiques - réponses
Année Album % Correct
2017 13
100%
1985 3
100%
2024 Babel Babel
100%
1982 L'Aventurier
100%
2005 Alice et June
97%
2013 Black City Parade
97%
2002 Paradize
97%
1999 Dancetaria
91%
1996 Wax
91%
1983 Le Péril jaune
89%
2009 La République des Meteors
83%
1990 Le Baiser
77%
1987 7000 danses
74%
1993 Un jour dans notre vie
74%
Aucun quiz correspondant
Distribution des résultats
% des personnes avec chaque résultat
Percentile par nombre de réponses
Votre historique - résultats
Vous n’avez pas pris ce quiz depuis la dernière actualisation